000 00492nam a2200181Ia 4500
001 12306
005 20260306162931.0
008 260306t2024||||xx |||||||||||||| ||spa||
041 _aESP
082 _aHR 344
_bABR 2024 AP
110 _aInstituto Pacífico
245 0 _aActualidad penal :
_brevista de derecho penal, procesal penal, penitenciario y criminología
260 _c2024
300 _a317 páginas :
_c25 cm.
650 _aGEN
654 _aCDE
942 _cREV
_dJUS
_fJUS
_2ddc
_n
999 _c12306
_d12306